[Event "BCF-chT2a 1718 (4NCL)"]
[Site "England"]
[Date "2018.01.13"]
[Round "3.46"]
[White "O'Driscoll, Kieran"]
[Black "Lewis, Alex"]
[Result "0-1"]
[WhiteElo "2079"]
[BlackElo "2165"]
[PlyCount "54"]
[EventDate "2017.11.11"]
[EventType "team-tourn"]
[EventRounds "7"]
[EventCountry "ENG"]
[SourceTitle "EXT 2020"]
[Source "ChessBase"]
[SourceDate "2019.10.17"]
[SourceVersion "1"]
[SourceVersionDate "2019.10.17"]
[SourceQuality "1"]
[WhiteTeam "White Rose II"]
[BlackTeam "Kings Head"]
[WhiteTeamCountry "ENG"]
[BlackTeamCountry "ENG"]

1. d4 Nf6 2. c4 g6 3. Nc3 Bg7 4. e4 d6 5. Nf3 0-0 6. Be2 e5 7. 0-0 Nc6 8. d5 Ne7 9. b4 a5 10. Ba3 axb4 11. Bxb4 Nd7 12. a4 b6 13. a5 bxa5 14. Rxa5 Rxa5 15. Bxa5 Ba6 16. Nb5 Bxb5 17. cxb5 Nc8 18. Qc2 Nc5 19. Bb4 f5 20. exf5 gxf5 21. Bxc5 dxc5 22. Qxc5 Rf7 23. Rc1 Kh8 24. Bc4 Nd6 25. Re1 e4 26. Nd4 Qf6 27. Ne6 Qc3 0-1

[Event "EU-Cup 33rd"]
[Site "Antalya"]
[Date "2017.10.10"]
[Round "3.6"]
[White "Csonka, Attila Istvan"]
[Black "O'Driscoll, Kieran"]
[Result "1-0"]
[WhiteElo "2347"]
[BlackElo "2081"]
[PlyCount "61"]
[EventDate "2017.10.08"]
[EventType "team-swiss"]
[EventRounds "7"]
[EventCountry "TUR"]
[SourceTitle "CBM 181"]
[Source "ChessBase"]
[SourceDate "2017.11.10"]
[SourceVersion "1"]
[SourceVersionDate "2017.11.10"]
[SourceQuality "1"]
[WhiteTeam "Dunajska Streda"]
[BlackTeam "White Rose"]
[WhiteTeamCountry "SVK"]
[BlackTeamCountry "ENG"]

1. e4 d5 2. exd5 Nf6 3. d4 Bg4 4. Be2 Bxe2 5. Qxe2 Qxd5 6. Nf3 Nc6 7. 0-0 0-0-0 8. Be3 e5 9. c4 Qe4 10. Nc3 Qf5 11. d5 Nb4 12. a3 Nc2 13. Rac1 Nxe3 14. Qxe3 e4 15. Nd4 Qh5 16. Nxe4 Ng4 17. Qf4 g6 18. h3 Qe5 19. Qxg4+ f5 20. Nf3 Qxb2 21. Qf4 fxe4 22. Ng5 Bh6 23. Qg4+ Kb8 24. Rb1 Qf6 25. Ne6 Rd6 26. Qxe4 Rb6 27. c5 Rxb1 28. Rxb1 Qf5 29. Rxb7+ Kxb7 30. Qb4+ Kc8 31. c6 1-0

[Event "BCF-chT2b 1617 (4NCL)"]
[Site "England"]
[Date "2017.01.15"]
[Round "4.65"]
[White "Berry, Neil"]
[Black "O'Driscoll, Kieran"]
[Result "1/2-1/2"]
[WhiteElo "2291"]
[BlackElo "2098"]
[PlyCount "72"]
[EventDate "2016.11.19"]
[EventType "team-tourn"]
[EventRounds "11"]
[EventCountry "ENG"]
[SourceTitle "EXT 2019"]
[Source "ChessBase"]
[SourceDate "2018.10.10"]
[SourceVersion "1"]
[SourceVersionDate "2018.10.10"]
[SourceQuality "1"]
[WhiteTeam "Alba"]
[BlackTeam "White Rose II"]
[WhiteTeamCountry "SCO"]
[BlackTeamCountry "ENG"]

1. d4 d5 2. c4 c6 3. Nf3 Nf6 4. Nc3 dxc4 5. a4 Na6 6. e4 Bg4 7. Bxc4 e6 8. 0-0 Be7 9. Be3 Nb4 10. h3 Bxf3 11. Qxf3 Nc2 12. Rad1 0-0 13. Rd2 Nxe3 14. Qxe3 Bb4 15. f4 Qa5 16. e5 Nd5 17. Bxd5 cxd5 18. f5 exf5 19. Rxf5 Bxc3 20. bxc3 Qxa4 21. e6 fxe6 22. Qxe6+ Kh8 23. Rxf8+ Rxf8 24. Rf2 Qe8 25. Rxf8+ Qxf8 26. Qxd5 Qe7 27. c4 Qe3+ 28. Kh2 Qf4+ 29. Kg1 Qe3+ 30. Kf1 h6 31. c5 Qd3+ 32. Kg1 Qe3+ 33. Kf1 Qd3+ 34. Kf2 a5 35. Qd8+ Kh7 36. Qxa5 Qxd4+ 1/2-1/2

[Event "EU-Cup 32nd"]
[Site "Novi Sad"]
[Date "2016.11.10"]
[Round "5.5"]
[White "O'Driscoll, Kieran"]
[Black "White, Alastair F"]
[Result "1/2-1/2"]
[WhiteElo "2109"]
[BlackElo "2078"]
[PlyCount "135"]
[EventDate "2016.11.06"]
[EventType "team-swiss"]
[EventRounds "7"]
[EventCountry "SRB"]
[SourceTitle "CBM 176"]
[Source "ChessBase"]
[SourceDate "2017.01.17"]
[SourceVersion "1"]
[SourceVersionDate "2017.01.17"]
[SourceQuality "1"]
[WhiteTeam "White Rose"]
[BlackTeam "Edinburgh"]
[WhiteTeamCountry "ENG"]
[BlackTeamCountry "SCO"]

1. d4 d6 2. Nf3 g6 3. c4 Bg7 4. Nc3 Nc6 5. e4 e5 6. d5 Nce7 7. Bd3 f5 8. Qc2 Nf6 9. Bd2 0-0 10. 0-0-0 fxe4 11. Nxe4 Nxe4 12. Bxe4 Nf5 13. Bg5 Qe8 14. Rhe1 Qf7 15. Kb1 Nd4 16. Nxd4 exd4 17. f3 Bf5 18. Bxf5 Qxf5 19. Qxf5 Rxf5 20. Bh4 g5 21. Bg3 b5 22. Re7 bxc4 23. Rxc7 c3 24. bxc3 Rb8+ 25. Kc1 Rxd5 26. cxd4 Bxd4 27. Rc4 Be3+ 28. Kc2 Rxd1 29. Kxd1 Rb2 30. Rc2 Rb1+ 31. Ke2 Bc5 32. Kd3 Kf7 33. Kc4 Ke6 34. Re2+ Kd7 35. f4 gxf4 36. Bf2 Kc6 37. Bxc5 Rc1+ 38. Kd3 Rxc5 39. Rf2 Ra5 40. Ke4 Ra4+ 41. Kf5 Kd5 42. Rd2+ Kc5 43. Rc2+ Rc4 44. Rxc4+ Kxc4 45. Kxf4 d5 46. Ke3 Kc3 47. Ke2 d4 48. Kd1 Kd3 49. g4 Ke3 50. g5 Kf4 51. Kd2 Kxg5 52. Kd3 Kh4 53. Kxd4 Kh3 54. Ke3 Kxh2 55. Kf2 a5 56. a4 h6 57. Kf3 Kg1 58. Kg4 Kf2 59. Kh5 Ke3 60. Kxh6 Kd4 61. Kg5 Kc4 62. Kf4 Kb4 63. Ke3 Kxa4 64. Kd2 Kb3 65. Kc1 Ka2 66. Kc2 a4 67. Kc3 a3 68. Kc2 1/2-1/2

[Event "EU-Cup 31st"]
[Site "Skopje"]
[Date "2015.10.23"]
[Round "6.6"]
[White "Stern, Geoffrey"]
[Black "O'Driscoll, Kieran"]
[Result "0-1"]
[WhiteElo "1930"]
[BlackElo "2079"]
[PlyCount "54"]
[EventDate "2015.10.18"]
[EventType "team-swiss"]
[EventRounds "7"]
[EventCountry "MKD"]
[SourceTitle "CBM 169"]
[Source "ChessBase"]
[SourceDate "2015.11.10"]
[SourceVersion "1"]
[SourceVersionDate "2015.11.10"]
[SourceQuality "1"]
[WhiteTeam "Bonnevoie Gambit"]
[BlackTeam "White Rose"]
[WhiteTeamCountry "LUX"]
[BlackTeamCountry "ENG"]

1. d4 d5 2. Nc3 Nf6 3. Bg5 Nbd7 4. e3 g6 5. f4 Bg7 6. Nf3 0-0 7. Bd3 c5 8. 0-0 a6 9. a4 b6 10. Qe1 Bb7 11. Qh4 Re8 12. f5 c4 13. fxg6 cxd3 14. gxf7+ Kxf7 15. cxd3 Kg8 16. e4 dxe4 17. dxe4 Nf8 18. d5 Ng6 19. Qg3 b5 20. Bxf6 Bxf6 21. e5 Bg7 22. a5 b4 23. Ne4 Qxd5 24. Nfg5 h6 25. Rad1 Qxe5 26. Qb3+ e6 27. Qxb4 Bd5 0-1

[Event "EU-Cup 31st"]
[Site "Skopje"]
[Date "2015.10.21"]
[Round "4.6"]
[White "Salimaki, Janne"]
[Black "O'Driscoll, Kieran"]
[Result "1-0"]
[WhiteElo "2102"]
[BlackElo "2079"]
[PlyCount "78"]
[EventDate "2015.10.18"]
[EventType "team-swiss"]
[EventRounds "7"]
[EventCountry "MKD"]
[SourceTitle "CBM 169"]
[Source "ChessBase"]
[SourceDate "2015.11.10"]
[SourceVersion "1"]
[SourceVersionDate "2015.11.10"]
[SourceQuality "1"]
[WhiteTeam "Matinkylan"]
[BlackTeam "White Rose"]
[WhiteTeamCountry "FIN"]
[BlackTeamCountry "ENG"]

1. e4 d5 2. exd5 Nf6 3. Nf3 Nxd5 4. d4 g6 5. Be2 Bg7 6. 0-0 0-0 7. Re1 Nc6 8. c3 Bf5 9. Na3 Qd7 10. Nc4 Rad8 11. Qb3 Qc8 12. Bd2 Nb6 13. Ne3 Be6 14. Qc2 Nd5 15. Ng5 Nxe3 16. fxe3 Bg4 17. Qe4 Bxe2 18. Rxe2 h6 19. Nf3 e5 20. d5 Ne7 21. c4 c6 22. Bb4 c5 23. Bc3 f5 24. Qh4 Qc7 25. Qg3 f4 26. exf4 exf4 27. Qg4 Bxc3 28. bxc3 Rf6 29. Rae1 Nf5 30. Re6 Rdf8 31. R1e5 Ne3 32. Qh3 Qg7 33. Re7 R8f7 34. Qc8+ Kh7 35. Qxc5 Ng4 36. Re4 b6 37. Qc7 h5 38. Rxf7 Rxf7 39. Qxf7 Qxf7 1-0

[Event "EU-Cup 31st"]
[Site "Skopje"]
[Date "2015.10.20"]
[Round "3.6"]
[White "O'Driscoll, Kieran"]
[Black "Gohla, Ulf"]
[Result "0-1"]
[WhiteElo "2079"]
[BlackElo "2165"]
[PlyCount "58"]
[EventDate "2015.10.18"]
[EventType "team-swiss"]
[EventRounds "7"]
[EventCountry "MKD"]
[SourceTitle "CBM 169"]
[Source "ChessBase"]
[SourceDate "2015.11.10"]
[SourceVersion "1"]
[SourceVersionDate "2015.11.10"]
[SourceQuality "1"]
[WhiteTeam "White Rose"]
[BlackTeam "Eynatten"]
[WhiteTeamCountry "ENG"]
[BlackTeamCountry "BEL"]

1. d4 d5 2. c4 c6 3. Nf3 Nf6 4. Nc3 dxc4 5. a4 Bf5 6. e3 e6 7. Bxc4 Bb4 8. 0-0 0-0 9. Qe2 Bg6 10. Rd1 Nbd7 11. Bd3 Bxd3 12. Qxd3 Qa5 13. e4 e5 14. Bg5 exd4 15. Qxd4 Rfe8 16. e5 Bxc3 17. bxc3 Nxe5 18. Bxf6 gxf6 19. Nh4 Rad8 20. Qb4 Qxb4 21. cxb4 Nd3 22. b5 c5 23. Nf5 c4 24. Ra3 Nf4 25. Rxd8 Rxd8 26. f3 c3 27. Ne3 Rd2 28. Kf1 c2 29. Ra1 Nd3 0-1

[Event "Salento op 3rd"]
[Site "Gallipoli"]
[Date "2014.05.23"]
[Round "8"]
[White "Lyell, Mark"]
[Black "O'Driscoll, Kieran"]
[Result "1/2-1/2"]
[WhiteElo "2228"]
[BlackElo "2119"]
[PlyCount "109"]
[EventDate "2014.05.17"]
[EventType "swiss"]
[EventRounds "9"]
[EventCountry "ITA"]
[SourceTitle "CBM 160 Extra"]
[Source "ChessBase"]
[SourceDate "2014.07.01"]
[SourceVersion "1"]
[SourceVersionDate "2014.07.01"]
[SourceQuality "1"]

1. e4 d5 2. exd5 Nf6 3. d4 Bg4 4. Nf3 Qxd5 5. Be2 Nc6 6. c4 Qd7 7. Be3 e6 8. 0-0 Be7 9. Nbd2 Rd8 10. h3 Bh5 11. a3 a5 12. Qe1 Qc8 13. Nb3 Qa8 14. g4 Bg6 15. Ne5 Nxe5 16. dxe5 Nd7 17. Qxa5 Qxa5 18. Nxa5 Nxe5 19. f4 Bd3 20. Rae1 b6 21. fxe5 bxa5 22. Rf3 Bh4 23. Bf2 Bxf2+ 24. Kxf2 Bxe2 25. Kxe2 Ke7 26. Rd3 Rxd3 27. Kxd3 Rd8+ 28. Kc3 c5 29. b4 axb4+ 30. axb4 cxb4+ 31. Kxb4 f6 32. exf6+ gxf6 33. Ra1 Rb8+ 34. Kc3 Rb7 35. c5 Kd7 36. Kc4 Rb2 37. Ra7+ Kc6 38. Ra6+ Kd7 39. Rd6+ Ke7 40. Rd3 Rb8 41. Ra3 Rb7 42. c6 Rb1 43. Rd3 Rc1+ 44. Kb5 e5 45. Kb6 e4 46. Rd4 e3 47. Kb7 e2 48. Re4+ Kd6 49. Rxe2 Rb1+ 50. Kc8 Rc1 51. Kd8 Rxc6 52. Ke8 Rc7 53. Kf8 h5 54. gxh5 Rh7 55. Re3 1/2-1/2

[Event "Salento op 3rd"]
[Site "Gallipoli"]
[Date "2014.05.19"]
[Round "4"]
[White "Fasiello, Andrea"]
[Black "O'Driscoll, Kieran"]
[Result "1/2-1/2"]
[WhiteElo "1968"]
[BlackElo "2119"]
[PlyCount "27"]
[EventDate "2014.05.17"]
[EventType "swiss"]
[EventRounds "9"]
[EventCountry "ITA"]
[SourceTitle "CBM 160 Extra"]
[Source "ChessBase"]
[SourceDate "2014.07.01"]
[SourceVersion "1"]
[SourceVersionDate "2014.07.01"]
[SourceQuality "1"]

1. e4 d5 2. exd5 Nf6 3. d4 Nxd5 4. Nf3 g6 5. c4 Nb6 6. Be2 Bg7 7. 0-0 0-0 8. h3 Nc6 9. Be3 e5 10. dxe5 Nxe5 11. Nxe5 Bxe5 12. Nc3 Qxd1 13. Rfxd1 Be6 14. Bd4 1/2-1/2

[Event "Cork op"]
[Site "Cork"]
[Date "2014.03.29"]
[Round "2"]
[White "Baburin, Alexander"]
[Black "O'Driscoll, Kieran"]
[Result "1/2-1/2"]
[WhiteElo "2503"]
[BlackElo "2115"]
[PlyCount "123"]
[EventDate "2014.03.28"]
[EventType "swiss"]
[EventRounds "6"]
[EventCountry "IRL"]
[SourceTitle "CBM 159 Extra"]
[Source "ChessBase"]
[SourceDate "2014.04.24"]
[SourceVersion "1"]
[SourceVersionDate "2014.04.24"]
[SourceQuality "1"]

1. d4 d6 2. g3 e5 3. dxe5 dxe5 4. Qxd8+ Kxd8 5. Bg2 c6 6. f4 Nd7 7. Nf3 Bd6 8. Nbd2 f6 9. Nc4 Bc7 10. fxe5 Nxe5 11. Nfxe5 fxe5 12. Be3 Nf6 13. 0-0-0+ Ke7 14. Bc5+ Kf7 15. Rhf1 Be6 16. Nd6+ Bxd6 17. Bxd6 Bg4 18. Bxe5 Bxe2 19. Rd7+ Ke6 20. Bh3+ Kxe5 21. Re7+ Kd6 22. Re6+ Kc7 23. Rxe2 Rhe8 24. Ref2 Re5 25. Bf5 Rae8 26. Bd3 R8e7 27. Rf4 h6 28. a3 Kd6 29. Kd2 Ne4+ 30. Bxe4 Rxe4 31. Rxe4 Rxe4 32. Rf7 Re7 33. Rxe7 Kxe7 34. Ke3 g6 35. Ke4 Ke6 36. b4 b5 37. Kd4 Kd6 38. g4 g5 39. h3 Kd7 40. Ke5 Ke7 41. c3 a6 42. c4 bxc4 43. Kd4 c3 44. Kxc3 Ke6 45. Kc4 Kd6 46. Kd4 Kd7 47. Ke5 Kc7 48. Kf5 Kb6 49. Kg6 a5 50. Kxh6 axb4 51. axb4 Kb5 52. Kxg5 Kxb4 53. Kf4 c5 54. Ke3 Ka3 55. Kd3 Kb3 56. g5 c4+ 57. Ke2 c3 58. g6 c2 59. g7 c1Q 60. g8Q+ Qc4+ 61. Qxc4+ Kxc4 62. Ke3 1/2-1/2

[Event "EU-Cup 29th"]
[Site "Rhodes"]
[Date "2013.10.21"]
[Round "2.6"]
[White "Guy, David T"]
[Black "O'Driscoll, Kieran"]
[Result "0-1"]
[WhiteElo "1964"]
[BlackElo "2120"]
[PlyCount "71"]
[EventDate "2013.10.20"]
[EventType "team-swiss"]
[EventRounds "7"]
[EventCountry "GRE"]
[SourceTitle "CBM 157"]
[Source "ChessBase"]
[SourceDate "2013.11.12"]
[SourceVersion "1"]
[SourceVersionDate "2013.11.12"]
[SourceQuality "1"]
[WhiteTeam "White Knights"]
[BlackTeam "White Rose"]
[WhiteTeamCountry "WLS"]
[BlackTeamCountry "ENG"]

1. d4 d5 2. c4 c6 3. Nf3 Nf6 4. Nc3 dxc4 5. a4 Na6 6. e3 Bg4 7. Bxc4 e6 8. 0-0 Nb4 9. Qe2 Be7 10. Rd1 Qa5 11. e4 0-0 12. Be3 Rfd8 13. Bb3 Qh5 14. e5 Nfd5 15. Ne4 Nxe3 16. fxe3 Qg6 17. Nf2 Nd5 18. Rac1 h5 19. Kh1 Qh6 20. Bxd5 Rxd5 21. Ne4 Rad8 22. h3 Bf5 23. Nc3 R5d7 24. e4 Bg6 25. Re1 h4 26. d5 cxd5 27. exd5 exd5 28. e6 Rc7 29. exf7+ Bxf7 30. Rcd1 Bf6 31. Nxd5 Rxd5 32. Rxd5 Bxd5 33. Qe8+ Kh7 34. Qe2 Qg6 35. Ne5 Bxe5 36. Qe4 0-1

[Event "Pula op 27th"]
[Site "Pula"]
[Date "2013.06.09"]
[Round "2"]
[White "O'Driscoll, Kieran"]
[Black "Balazs, Gabor1111"]
[Result "1/2-1/2"]
[WhiteElo "2128"]
[BlackElo "2415"]
[PlyCount "107"]
[EventDate "2013.06.08"]
[EventType "swiss"]
[EventRounds "9"]
[EventCountry "CRO"]
[SourceTitle "CBM 154 Extra"]
[Source "ChessBase"]
[SourceDate "2013.06.25"]
[SourceVersion "2"]
[SourceVersionDate "2013.06.25"]
[SourceQuality "1"]

1. d4 d5 2. c4 e6 3. Nc3 Nf6 4. Nf3 c6 5. e3 Nbd7 6. Qc2 Bd6 7. Bd2 0-0 8. h3 h6 9. g4 e5 10. cxd5 cxd5 11. Nb5 Bb8 12. Bb4 Re8 13. Rc1 e4 14. Nd2 Nb6 15. Nc7 Bxc7 16. Qxc7 Qxc7 17. Rxc7 Re6 18. Nb3 Ne8 19. Rc2 Bd7 20. Be2 Ba4 21. Kd2 Rf6 22. Rf1 Nc4+ 23. Kc1 a5 24. Be7 Rc6 25. Rc3 Rc7 26. Bh4 Bb5 27. Re1 b6 28. Bg3 Rcc8 29. Nd2 Ncd6 30. Rxc8 Rxc8+ 31. Kb1 Bxe2 32. Rxe2 Kf8 33. Re1 Ke7 34. Rc1 Nc4 35. Nxc4 dxc4 36. a4 Ke6 37. Kc2 g6 38. Be5 f6 39. Bf4 g5 40. Bg3 Ng7 41. Rf1 Kd5 42. h4 Rc6 43. Rh1 Ne8 44. hxg5 fxg5 45. Be5 Nf6 46. Bxf6 Rxf6 47. Rh2 Kc6 48. Kc3 b5 49. Rg2 Kb6 50. Rh2 Rd6 51. Rh1 Rf6 52. Rh2 Kc6 53. Rg2 Kb6 54. Rh2 1/2-1/2

[Event "BCF-chT2c 1213 (4NCL) Promotion pool"]
[Site "England"]
[Date "2013.05.05"]
[Round "10.45"]
[White "Tunks, Dominic"]
[Black "O'Driscoll, Kieran"]
[Result "1/2-1/2"]
[WhiteElo "2055"]
[BlackElo "2120"]
[PlyCount "38"]
[EventDate "2012.11.13"]
[EventType "team-tourn"]
[EventRounds "4"]
[EventCountry "ENG"]
[SourceTitle "EXT 2014"]
[Source "ChessBase"]
[SourceDate "2013.11.20"]
[SourceVersion "1"]
[SourceVersionDate "2013.11.20"]
[SourceQuality "1"]
[WhiteTeam "Wessex"]
[BlackTeam "White Rose II"]
[WhiteTeamCountry "ENG"]
[BlackTeamCountry "ENG"]

1. e4 d5 2. exd5 Nf6 3. Nf3 Nxd5 4. d4 g6 5. c4 Nb6 6. Nc3 Bg7 7. c5 N6d7 8. Bc4 0-0 9. 0-0 b6 10. Re1 Bb7 11. Bg5 Bf6 12. Ne4 bxc5 13. Bh6 Bxe4 14. Bxf8 Bxf3 15. Qxf3 Kxf8 16. Qd5 Kg7 17. Qxf7+ Kh6 18. dxc5 Ne5 19. Qd5 Qxd5 1/2-1/2

[Event "BCF-chT2b 1213 (4NCL)"]
[Site "England"]
[Date "2012.11.04"]
[Round "2.66"]
[White "Collier, David"]
[Black "O'Driscoll, Kieran"]
[Result "0-1"]
[WhiteElo "2075"]
[BlackElo "2120"]
[PlyCount "76"]
[EventDate "2012.11.03"]
[EventType "team-tourn"]
[EventRounds "7"]
[EventCountry "ENG"]
[SourceTitle "EXT 2014"]
[Source "ChessBase"]
[SourceDate "2013.11.20"]
[SourceVersion "1"]
[SourceVersionDate "2013.11.20"]
[SourceQuality "1"]
[WhiteTeam "Bristol"]
[BlackTeam "White Rose II"]
[WhiteTeamCountry "ENG"]
[BlackTeamCountry "ENG"]

1. d4 d5 2. Nf3 Nf6 3. Bf4 e6 4. e3 Be7 5. h3 0-0 6. Nbd2 b6 7. Ne5 c5 8. c3 Bb7 9. Bd3 Nbd7 10. 0-0 Rc8 11. Rc1 a6 12. Qe2 b5 13. a3 Nb6 14. Rfd1 c4 15. Bb1 a5 16. Ng4 Nxg4 17. hxg4 b4 18. axb4 axb4 19. Nf3 Bc6 20. Ne5 Ba4 21. Re1 bxc3 22. bxc3 Ba3 23. Rc2 Bxc2 24. Qxc2 g6 25. e4 dxe4 26. Rxe4 Nd5 27. Bd2 Bd6 28. g5 Bxe5 29. dxe5 Qa5 30. Re1 Rc7 31. Qc1 Rb8 32. Be4 Rcb7 33. Bxd5 Qxd5 34. Be3 Qd3 35. Qd2 Rb1 36. Rxb1 Rxb1+ 37. Kh2 Qxd2 38. Bxd2 Rd1 0-1

[Event "BCF-chT2b 1213 (4NCL)"]
[Site "England"]
[Date "2012.11.03"]
[Round "1.74"]
[White "O'Driscoll, Kieran"]
[Black "Moss, Guy"]
[Result "0-1"]
[WhiteElo "2120"]
[BlackElo "1964"]
[PlyCount "50"]
[EventDate "2012.11.03"]
[EventType "team-tourn"]
[EventRounds "7"]
[EventCountry "ENG"]
[SourceTitle "EXT 2014"]
[Source "ChessBase"]
[SourceDate "2013.11.20"]
[SourceVersion "1"]
[SourceVersionDate "2013.11.20"]
[SourceQuality "1"]
[WhiteTeam "White Rose II"]
[BlackTeam "Barbican Youth"]
[WhiteTeamCountry "ENG"]
[BlackTeamCountry "ENG"]

1. d4 d5 2. c4 c6 3. Nf3 Nf6 4. Nc3 dxc4 5. a4 Bf5 6. e3 e6 7. Bxc4 Bb4 8. 0-0 0-0 9. Qe2 Nbd7 10. e4 Bg6 11. Bd3 c5 12. Na2 Ba5 13. e5 Nd5 14. Ng5 cxd4 15. Bxg6 hxg6 16. Qf3 Nxe5 17. Qh3 Nf6 18. Rd1 Rc8 19. b4 Bc7 20. Nc3 dxc3 21. Rxd8 Rfxd8 22. f4 Rd1+ 23. Kf2 Nd3+ 24. Ke2 Rxc1 25. Rxc1 Nxf4+ 0-1

[Event "EU-Cup 28th"]
[Site "Eilat"]
[Date "2012.10.17"]
[Round "7.6"]
[White "O'Driscoll, Kieran"]
[Black "Dimitrijevic, Aleksandra"]
[Result "0-1"]
[WhiteElo "2113"]
[BlackElo "2270"]
[PlyCount "68"]
[EventDate "2012.10.11"]
[EventType "team-swiss"]
[EventRounds "7"]
[EventCountry "ISR"]
[SourceTitle "CBM 151"]
[Source "ChessBase"]
[SourceDate "2012.11.13"]
[SourceVersion "1"]
[SourceVersionDate "2012.11.13"]
[SourceQuality "1"]
[WhiteTeam "White Rose"]
[BlackTeam "Siroki Brijeg"]
[WhiteTeamCountry "ENG"]
[BlackTeamCountry "BIH"]

1. d4 d6 2. Nf3 Nf6 3. c4 c6 4. Nc3 Nbd7 5. g3 g6 6. Bg2 Bg7 7. 0-0 0-0 8. b3 Re8 9. Bb2 e5 10. Qc2 a5 11. Rad1 Qc7 12. e4 exd4 13. Nxd4 Nc5 14. Rfe1 Bg4 15. f3 Bc8 16. Qd2 a4 17. b4 a3 18. bxc5 axb2 19. cxd6 Qxd6 20. Kh1 Nd7 21. Nde2 Qb4 22. Rb1 Rxa2 23. Qc2 Qxc4 24. Rxb2 Rxb2 25. Qxb2 b5 26. Qd2 b4 27. Nb1 Ne5 28. Rc1 Qb5 29. Nd4 Qb6 30. Nb3 Be6 31. Nc5 Nc4 32. Qf2 b3 33. Bf1 Rd8 34. Kg2 Bd4 0-1

[Event "EU-Cup 28th"]
[Site "Eilat"]
[Date "2012.10.14"]
[Round "4.6"]
[White "Van Dongen, Cor"]
[Black "O'Driscoll, Kieran"]
[Result "1-0"]
[WhiteElo "2357"]
[BlackElo "2113"]
[PlyCount "179"]
[EventDate "2012.10.11"]
[EventType "team-swiss"]
[EventRounds "7"]
[EventCountry "ISR"]
[SourceTitle "CBM 151"]
[Source "ChessBase"]
[SourceDate "2012.11.13"]
[SourceVersion "1"]
[SourceVersionDate "2012.11.13"]
[SourceQuality "1"]
[WhiteTeam "De Stukkenjagers"]
[BlackTeam "White Rose"]
[WhiteTeamCountry "NED"]
[BlackTeamCountry "ENG"]

1. c4 e5 2. g3 Nf6 3. Bg2 d5 4. cxd5 Nxd5 5. Nc3 Nb6 6. Nf3 Nc6 7. 0-0 Be7 8. a3 0-0 9. b4 Be6 10. Rb1 f6 11. d3 Qd7 12. Ne4 Ba2 13. Rb2 Bf7 14. Be3 Rad8 15. Qc2 Nd4 16. Bxd4 exd4 17. Nc5 Qc8 18. Rc1 c6 19. Nb3 Bxb3 20. Qxb3+ Kh8 21. a4 Rd6 22. a5 Nd7 23. Rbc2 a6 24. Bh3 Qd8 25. Be6 f5 26. Rc5 g6 27. Bxd7 Qxd7 28. Qb2 Bf6 29. Qd2 Re8 30. Re1 Kg7 31. Kg2 Rde6 32. e3 dxe3 33. fxe3 Rd6 34. d4 Rd5 35. Kf2 Qe6 36. Re2 Qe4 37. Qc2 Qe6 38. Qa2 Red8 39. Rec2 Qe4 40. Nd2 Qe7 41. Rxd5 Rxd5 42. Rc5 Rd8 43. Nf3 Rd7 44. Qc4 Qf7 45. Qxf7+ Kxf7 46. Ke2 Rd5 47. Rc4 Ke6 48. Kd3 Rd7 49. Rc2 Rd5 50. Kc4 Rb5 51. Ne1 Rd5 52. Nd3 Kd7 53. Rg2 Bg5 54. Re2 Bf6 55. Rf2 Rd6 56. Nc5+ Kc8 57. Rf1 Bg5 58. Rf3 Bf6 59. h3 h5 60. g4 hxg4 61. hxg4 fxg4 62. Rg3 Bg5 63. e4 Bf4 64. Rxg4 g5 65. e5 Rh6 66. Nd3 Bd2 67. Rg2 Be3 68. Rg3 Bd2 69. Rf3 Rg6 70. Rf8+ Kd7 71. Nc5+ Ke7 72. Rb8 g4 73. Ne4 Bf4 74. Rxb7+ Kd8 75. Ra7 g3 76. Nxg3 Rxg3 77. Rxa6 Kc7 78. Ra7+ Kb8 79. Rf7 Bd2 80. Kc5 Rb3 81. Kxc6 Rxb4 82. d5 Rc4+ 83. Kb5 Rd4 84. Rd7 Rb4+ 85. Kc5 Ra4 86. e6 Rxa5+ 87. Kb6 Kc8 88. Rf7 Rxd5 89. Rf8+ Rd8 90. e7 1-0

[Event "Bunratty Masters op 19th"]
[Site "Bunratty"]
[Date "2012.02.18"]
[Round "4"]
[White "O'Driscoll, Kieran"]
[Black "Baburin, Alexander"]
[Result "0-1"]
[WhiteElo "2104"]
[BlackElo "2535"]
[PlyCount "64"]
[EventDate "2012.02.17"]
[EventType "swiss"]
[EventRounds "6"]
[EventCountry "IRL"]
[SourceTitle "CBM 146 Extra"]
[Source "ChessBase"]
[SourceDate "2012.02.29"]
[SourceVersion "1"]
[SourceVersionDate "2012.02.29"]
[SourceQuality "1"]

1. d4 Nf6 2. c4 e6 3. Nf3 Bb4+ 4. Nc3 c5 5. g3 cxd4 6. Nxd4 0-0 7. Bg2 d5 8. 0-0 dxc4 9. e4 Nc6 10. Nxc6 bxc6 11. Bg5 h6 12. Bxf6 Qxf6 13. Qa4 a5 14. Qxc6 Ba6 15. Rac1 Rfc8 16. Qa4 Rab8 17. a3 Bxc3 18. Rxc3 Rxb2 19. Qxa5 e5 20. Rf3 Qd6 21. Rc1 Bb7 22. Qe1 Qd4 23. Rfc3 Rd2 24. Bf1 Ba6 25. R3c2 Rxc2 26. Rxc2 Bb7 27. Bg2 c3 28. h3 Rc5 29. Kh2 Bc6 30. Qc1 Ba4 31. Re2 c2 32. Rd2 Qxd2 0-1

[Event "BCF-chT2a 1112 (4NCL)"]
[Site "England"]
[Date "2012.02.12"]
[Round "6.7"]
[White "O'Driscoll, Kieran"]
[Black "Cumming, Rhys"]
[Result "1/2-1/2"]
[WhiteElo "2104"]
[BlackElo "2010"]
[PlyCount "81"]
[EventDate "2011.11.12"]
[EventType "team-tourn"]
[EventRounds "7"]
[EventCountry "ENG"]
[SourceTitle "EXT 2013"]
[Source "ChessBase"]
[SourceDate "2012.11.22"]
[SourceVersion "1"]
[SourceVersionDate "2012.11.22"]
[SourceQuality "1"]
[WhiteTeam "White Rose II"]
[BlackTeam "Barbican Youth"]
[WhiteTeamCountry "ENG"]
[BlackTeamCountry "ENG"]

1. d4 Nf6 2. c4 g6 3. Nc3 d5 4. Nf3 Bg7 5. Bf4 0-0 6. Rc1 dxc4 7. e4 Bg4 8. Bxc4 Nh5 9. Be3 Bxf3 10. gxf3 e5 11. d5 Nd7 12. Qd2 Qf6 13. Ke2 a6 14. Bb3 Qd6 15. Na4 Rfd8 16. Rc2 Nf4+ 17. Bxf4 exf4 18. Rhc1 Rac8 19. Nc5 Nxc5 20. Rxc5 Be5 21. R1c2 Bxb2 22. Qb4 Ba3 23. Qxa3 b6 24. Ra5 bxa5 25. Qxa5 Qb6 26. Qd2 c6 27. d6 Qb5+ 28. Bc4 Qe5 29. Bxa6 Rb8 30. d7 Rb1 31. Rxc6 Rb2 32. Rc2 Rxd7 33. Rxb2 Rxd2+ 34. Rxd2 Kg7 35. a4 Qc3 36. Bb5 h5 37. Rd3 Qb4 38. Kf1 h4 39. h3 Kf6 40. Kg2 Ke6 41. Bd7+ 1/2-1/2